Images of the Spirit / (Record no. 18735)
[ view plain ]
| 000 -LEADER | |
|---|---|
| fixed length control field | 00729nam a2200193 4500 |
| 008 - FIXED-LENGTH DATA ELEMENTS--GENERAL INFORMATION | |
| fixed length control field | 040127s1980 mium a001 0 eng d |
| 020 ## - INTERNATIONAL STANDARD BOOK NUMBER | |
| International Standard Book Number | 0801054168 :USD6.95 |
| 090 ## - LOCALLY ASSIGNED LC-TYPE CALL NUMBER (OCLC); LOCAL CALL NUMBER (OCLC) | |
| Classification number (OCLC) (R) ; Classification number, CALL (RLIN) (NR) | BT701.2 |
| Local cutter number (OCLC) ; Book number/undivided call number, CALL (RLIN) | K68i |
| 100 1# - MAIN ENTRY--PERSONAL NAME | |
| Personal name | Kline, Meredith G. |
| 245 10 - TITLE STATEMENT | |
| Title | Images of the Spirit / |
| Statement of responsibility, etc | Meredith G. KLine. |
| 260 ## - PUBLICATION, DISTRIBUTION, ETC. (IMPRINT) | |
| Place of publication, distribution, etc | Grand Rapids : |
| Name of publisher, distributor, etc | Baker Book House, |
| Date of publication, distribution, etc | 1980. |
| 300 ## - PHYSICAL DESCRIPTION | |
| Extent | 142 p. ; |
| Dimensions | 22 cm. |
| 490 1# - SERIES STATEMENT | |
| Series statement | Baker biblical monograph. |
| 500 ## - GENERAL NOTE | |
| General note | Chapters one, two, and four were published first in The Westminster Theological Journal and appear here slightly revised. |
| 504 ## - BIBLIOGRAPHY, ETC. NOTE | |
| Bibliography, etc | Includes bibliographical references and index. |
| 650 #4 - SUBJECT ADDED ENTRY--TOPICAL TERM | |
| Topical term or geographic name as entry element | Holy Spirit. |
| 650 #4 - SUBJECT ADDED ENTRY--TOPICAL TERM | |
| Topical term or geographic name as entry element | Image of God. |
| 951 ## - EQUIVALENCE OR CROSS-REFERENCE-GEOGRAPHIC NAME/AREA NAME [OBSOLETE] [CAN/MARC only] | |
| -- | 6229A |
| -- | BT701.2/K68i |
| -- | 070613111333718 |
| -- | 2000-12-21 |
| -- | GC |
| Withdrawn status | Lost status | Source of classification or shelving scheme | Damaged status | Not for loan | Home library | Current library | Shelving location | Date acquired | Accession number | Shelving control number | Total Checkouts | Full call number | Date last seen | Price effective from | Koha item type | Source of acquisition | Barcode | Copy number |
|---|---|---|---|---|---|---|---|---|---|---|---|---|---|---|---|---|---|---|
| Library of Congress Classification | BSOP Library | BSOP Library | GC | 12/21/2000 | 6229A | 127 | BT701.2 K68i | 02/23/2013 | 02/23/2013 | Books | ||||||||
| Library of Congress Classification | BSOP Library | BSOP Library | GC | 07/22/2016 | 38154 | BT701.2 K68i c.2 | 07/22/2016 | 07/22/2016 | Books | gift : Drs. George and Anne Harper | 00048154 | c.2 |
